| 000 | 00800nam a2200265Ia 4500 | ||
|---|---|---|---|
| 008 | 160216s9999 xx 000 0 und d | ||
| 020 | _a0-323-01953-6 | ||
| 050 | _aMAIN RT 49 | ||
| 050 | _b.A45 2004 | ||
| 245 | _aAll-in-one care planning resource : | ||
| 245 | _bmedical-surgical, pediatric, maternity, and psychiatric nursing care plans / | ||
| 245 | _cPamela L. Swearingen, special project editor. | ||
| 260 | _aSt. Louis, Missouri : | ||
| 260 | _bMosby. | ||
| 260 | _c2004 | ||
| 300 | _a883 pages : | ||
| 300 | _bill. ; | ||
| 300 | _c28 cm. | ||
| 500 | _aIncludes bibliographical references and index. | ||
| 650 | _aMaternity nursing. | ||
| 650 | _aNursing care plans. | ||
| 650 | _aPediatric nursing. | ||
| 650 | _aPsychiatric nursing. | ||
| 650 | _aSurgical nursing. | ||
| 999 |
_c290876 _d290876 |
||